Rosco de Pasapalabra #36 - Estadísticas

Estadísticas generales
  • Esta prueba ha sido intentada 320 veces
  • La puntuación promedio es 12 de 25
Estadísticas de respuestas
Inicial Definición Respuesta % Correcto
L Único satélite natural de la Tierra Luna
94%
B Prenda de vestir larga, holgada, abierta por delante y con mangas, que se usa para estar por casa Bata
93%
O Sentido corporal con el que se perciben los aromas, localizado en la nariz Olfato
93%
F Creencia en algo sin necesidad de que esté confirmado por la experiencia o por la razón propias Fe
90%
E Carne que cubre interiormente las mandíbulas y protege la dentadura Encía
86%
A Corte vertical en el terreno, particularmente en la costa Acantilado
78%
R En Madrid, mercado callejero donde suelen venderse todo tipo de objetos viejos o nuevos Rastro
72%
J Coloquialmente, comer con mucho apetito Jalar
71%
V Cada una de las cinco letras articuladas sin que la lengua intervenga obstruyendo el paso del aire por la boca Vocal
69%
Contiene la Ñ Reñir o llamar la atención a alguien por algo que ha hecho Regañar
65%
C Golpe dado en la cabeza con los nudillos Capón
56%
M Persona que preside o dirige un debate, asamblea o mesa redonda Moderador
55%
S Cualidad o actitud de la persona que se cree superior a los demás y actúa de manera arrogante y despreciativa Soberbia
44%
H Acción y efecto de restablecer el grado de humedad normal de la piel Hidratación
42%
I Se dice del lugar inhabitable o desagradable para habitarlo Inhóspito
40%
D Información codificada de manera adecuada para ser tratada por un ordenador Dato
37%
Contiene la Y Grupo de presión que intenta influir en los legisladores para que favorezcan sus intereses Lobby
28%
Contiene la X Proposición tan clara y evidente que se admite sin demostración Axioma
19%
U Que está más allá o de la otra parte de los montes Ultramontano
16%
Z Plaza principal de las ciudades mexicanas Zócalo
15%
Contiene la Q Anilla que se abre y cierra mediante un muelle Mosquetón
8%
G Campesino de Chile Guaso
5%
N Lago de Suiza que es el mayor de los situados íntegramente en territorio suizo Neuchâtel
3%
P En fotografía, se dice de la placa o de la película que es sensible a todos los colores del espectro Pancromático
1%
T Apellido del cantante que publicó el álbum 'A day in the life of Bonnie and Clyde' Torme
0%
No se encontraron pruebas coincidentes
Distribución de puntuación
Porcentaje de gente con cada puntuación
Porcentaje por número respondido
Historial de tus puntuaciones
No has intentado esta prueba.